Central Library OPAC University of Rajshahi

France before the revolution / (Record no. 24991)

MARC details
000 -LEADER
fixed length control field 01052cam a2200313 a 4500
001 - CONTROL NUMBER
control field 24991
003 - CONTROL NUMBER IDENTIFIER
rucl marc code BD-RjUL
005 - DATE AND TIME OF LATEST TRANSACTION
control field 20211209050820.0
008 - FIXED-LENGTH DATA ELEMENTS--GENERAL INFORMATION
fixed length control field 140316s1995 nyu b 000 0 eng d
020 ## - INTERNATIONAL STANDARD BOOK NUMBER
International Standard Book Number 0415119456 (pbk.)
035 ## - SYSTEM CONTROL NUMBER
System control number (BD-RjUL)25060
040 ## - CATALOGING SOURCE
Original cataloging agency DLC
Transcribing agency DLC
Modifying agency DLC
-- BD-RjUL
Language of cataloging eng
041 ## - LANGUAGE CODE
Language code of text/sound track or separate title eng
082 00 - DEWEY DECIMAL CLASSIFICATION NUMBER
Classification number 944.034
Edition number 20
Author mark and year SHF 1995
100 1# - MAIN ENTRY--PERSONAL NAME
Personal name Shennan, J. H.
9 (RLIN) 76871
245 10 - TITLE STATEMENT
Title France before the revolution /
Statement of responsibility, etc. J.H. Shennan.
250 ## - EDITION STATEMENT
Edition statement 2nd ed.
260 ## - PUBLICATION, DISTRIBUTION, ETC. (IMPRINT)
Place of publication, distribution, etc. London ;
-- New York, N.Y. :
Name of publisher, distributor, etc. Routledge,
Date of publication, distribution, etc. 1995.
300 ## - PHYSICAL DESCRIPTION
Pagination ix, 48 p. ;
Size 22 cm.
504 ## - BIBLIOGRAPHY, ETC. NOTE
Bibliography, etc Includes bibliographical references (p. 47-48).
651 #0 - SUBJECT ADDED ENTRY--GEOGRAPHIC NAME
Geographic name France
General subdivision History
Chronological subdivision Louis XV, 1715-1774.
9 (RLIN) 76873
Geographic name France
General subdivision History
Chronological subdivision Louis XVI, 1774-1793.
9 (RLIN) 76874
Geographic name France
General subdivision History
Chronological subdivision Revolution, 1789-1799
General subdivision Causes.
9 (RLIN) 76829
856 42 - ELECTRONIC LOCATION AND ACCESS
Materials specified Publisher description
Uniform Resource Identifier <a href="http://www.loc.gov/catdir/enhancements/fy0649/94045999-d.html">http://www.loc.gov/catdir/enhancements/fy0649/94045999-d.html</a>
942 ## - ADDED ENTRY ELEMENTS (KOHA)
Source of classification or shelving scheme Dewey Decimal Classification
Koha item type Books
Holdings
Lost status Source of classification or shelving scheme Damaged status Not for loan Collection code Permanent Location Current Location Shelving location Date acquired Source of acquisition Cost, normal purchase price Total Checkouts Full call number Date last seen Copy number Koha item type
  Dewey Decimal Classification     Non-fiction Central Library, University of Rajshahi Central Library, University of Rajshahi   14/08/1997 Dhaka, paragon enterprizes ltd 5.25   944.034 SHF 1995 16/03/2014 C-2 Books
  Dewey Decimal Classification   Not For Loan Non-fiction Central Library, University of Rajshahi Central Library, University of Rajshahi Reading Room 14/08/1997 Dhaka, paragon enterprizes ltd 5.25   944.034 SHF 1995 09/02/2017 C-1 Books